| 000 | 00395cam a2200157ua 4500 | ||
|---|---|---|---|
| 041 |
_aeng _h |
||
| 082 |
_a823.308 _bGOL/VI |
||
| 100 | _aGoldsmith, Oliver . | ||
| 245 |
_aVicar of wakefield / _cOliver Goldsmith. _hTextual Documents |
||
| 260 |
_aLondon : _bOxford University Press , _c1963. |
||
| 300 | _a216 ; . | ||
| 504 | _a | ||
| 942 | _cBK | ||
| 999 |
_c5085 _d5085 |
||